000 01018cab a2200301 4500
001 ABS48049
008 090401t xxu||||| |||| 00| 0 eng d
035 _a(Sirsi) u64647
041 _aeng
100 _aEvans, A.
245 _aArtificial neural networks: an application to residential valuation in the UK
260 _c11(2) Winter 1992/93, 195-204(10)
350 _a0
490 _aJournal of Property Valuation and Investment
_v11(2) Winter 1992/93, 195-204(10)
520 _aHouse price data is subjected to computer analysis, using artificial neural networks, and the software`s fitness for purpose is assessed.
650 _aARTIFICIAL NEURAL NETWORKS
650 _aHOUSE PRICE DATA
650 _aNEURAL NETWORKS
650 _aPATTERNS OF VALUE
650 _aValuation
_96273
690 _aHOUSING
690 _aMANAGEMENT-BUSINESS MANAGEMENT-INFORMATION MANAGEMENT
690 _aRATING AND VALUATION
700 _aJames, H.
700 _aCollins, A.
942 _n0
948 _c04/03/1997
999 _c40273
_d40273